Statistics for Countries Starting with B - Click Map Quiz

Click here to take the quiz!

General Stats

  • This quiz has been taken 53 times
  • The average score is 14 of 17

Answers on the Map

Answers color-coded by a green-red scale on the quiz's map according to % correct below.
 

Answer Stats

Answer% Correct
Bolivia
95%
Brazil
95%
Benin
93%
Bahamas
91%
Belgium
91%
Belarus
88%
Bosnia and Herzegovina
88%
Botswana
88%
Bangladesh
86%
Burkina Faso
86%
Burundi
86%
Bulgaria
84%
Belize
79%
Bhutan
74%
Brunei
63%
Barbados
60%
Bahrain
58%

Score Distribution

Percentile by Number Answered

Percent of People with Each Score

Your Score History

You have not taken this quiz